| 000 | 01033nam a2200241Ia 4500 | ||
|---|---|---|---|
| 999 |
_c38040 _d38040 |
||
| 001 | 4026 | ||
| 003 | GE_BSU | ||
| 005 | 20190510195925.0 | ||
| 008 | 181216s2001|||| |||||||||||||| ||geo|| | ||
| 020 | _a9992828226 | ||
| 040 | _cGE_BSU | ||
| 041 | _ageo | ||
| 080 | _a81'374.822(038) ქ-27 | ||
| 245 |
_aქართულ-რუსული ლექსიკონი = Грузинско-Русский словарь / _cშემდგნ. მ.ბ. კანკავა , რედ : ზ.გ.ახვლედიანი |
||
| 250 | _aმესამე გამოცემა | ||
| 264 |
_aთბილისი .: _bსაქართველოს მაცნე, _c2001. |
||
| 300 |
_a435 გვ.; _c17 სმ. |
||
| 541 | _h7 ლ. | ||
| 653 | _aქართულ-რუსული ლექსიკონი | ||
| 700 |
_aკანკავა, მ.ბ. _eშემდგენელი _91025 |
||
| 700 |
_aახვლედიანი, ზ.გ _eრედაქტორი _91026 |
||
| 942 |
_cBK _2udc |
||